000 00639nab a2200217 a 4500
005 20210219161309.0
008 991125s1985 mx 000 0 spa u
035 _aUPN01000182639
100 1 _aQuezada, Vanetza
222 _aREVISTA LATINOAMERICANA DE PSICOLOGIA
245 _aApego y psicopatología materna : relación con el estilo de apego del bebé al año de vida
260 _aBogotá, Colombia
300 _a53-61
362 0 _a2010 Vol. 42, no. 1
653 0 _aAPEGO MATERNO
653 0 _aPSICOPATOLOGIA
653 0 _aAPEGO DEL BEBE
700 1 _aSantelices, María Pía,
700 1 _ecoaut.
905 _aArticulo
999 _c154742
_d154742